|
|
|
|
| LEADER |
00000cas a2200000 a 4500 |
| 001 |
vtls001082004 |
| 003 |
SK-MaSNL |
| 005 |
20260228160411.0 |
| 008 |
180815d19821994xo u|p 0 0 0slo |
| 015 |
|
|
|a SNBA1989/09 (r. 1988)
|
| 035 |
|
|
|a SNK000024842
|
| 040 |
|
|
|a SNK
|b slo
|c SNK
|e AACR2
|
| 041 |
0 |
|
|a slo
|
| 044 |
|
|
|a xo
|c SK
|
| 072 |
|
7 |
|a 616
|x Patológia. Klinická medicína
|2 konspekt
|
| 080 |
|
|
|a 616-006.04
|2 2011
|
| 080 |
|
|
|a (082)
|2 2011
|
| 080 |
|
|
|a 050
|2 2011
|
| 245 |
0 |
0 |
|a Aktuality z klinickej onkológie
|
| 260 |
|
|
|a Bratislava
|b Ústav klinickej onkológie
|c [1982-1994]
|
| 260 |
3 |
|
|3 [19??-1994]
|a Bratislava
|b Národný onkologický ústav
|
| 300 |
|
|
|a [12 zv.]
|c 29 cm
|
| 310 |
|
|
|a Periodicita nie je známa
|
| 362 |
0 |
|
|a [1982- č. 29 (1994)]
|
| 500 |
|
|
|a Vydané ako účelová publikácia pre pracovníkov zdravotníckych zariadení
|
| 650 |
0 |
7 |
|a klinická onkológia
|2 SNKPH
|9 78688
|
| 655 |
|
7 |
|a zborníky
|2 SNKPH
|9 70165
|
| 710 |
2 |
|
|a Národný onkologický ústav
|4 pbl
|9 190435
|
| 710 |
2 |
|
|a Ústav klinickej onkológie (Bratislava, Slovensko)
|4 pbl
|9 190469
|
| 910 |
|
|
|a snk
|
| 999 |
|
|
|c 2375
|d 4305
|
| 952 |
|
|
|0 0
|1 0
|4 0
|7 0
|a SNK
|b SNK
|d 1997-02-18
|l 0
|o snkČSB 3791/1990 D1
|p 17A0039225
|r 2005-01-02 00:00:00
|t č. 22-23
|w 2026-02-21
|y PREZ
|
| 952 |
|
|
|0 0
|1 0
|4 0
|7 0
|8 0
|a SNK
|b SNK
|d 2003-10-21
|i snkČSP 5245/93
|l 0
|o snkČSB 3791/1991 D1
|p 17A0400570
|r 2005-01-02 00:00:00
|w 2026-02-21
|y PREZ
|
| 952 |
|
|
|0 0
|1 0
|4 0
|7 0
|a SNK
|b SNK
|d 1997-02-24
|l 0
|o snkČSB 3791/1988 D1
|p 17A0040179
|r 2004-12-31 00:00:00
|t č. 18
|w 2026-02-21
|y PREZ
|
| 952 |
|
|
|0 0
|1 0
|4 0
|7 0
|a SNK
|b SNK
|d 1997-10-06
|l 0
|o snkČSB 3791/1988
|p 17A0101800
|r 2004-12-31 00:00:00
|t č. 18
|w 2026-02-21
|y PREZ
|
| 952 |
|
|
|0 0
|1 0
|4 0
|7 0
|a SNK
|b SNK
|d 1997-09-19
|l 0
|o snkČSB 3791/1993 D1
|p 17A0095043
|r 2005-01-02 00:00:00
|t č. 27
|w 2026-02-21
|y PREZ
|
| 952 |
|
|
|0 0
|1 0
|4 0
|7 0
|a SNK
|b SNK
|d 2000-08-31
|l 0
|o snkČSB 3791/1993
|p 17A0250875
|r 2005-01-02 00:00:00
|w 2026-02-21
|y PREZ
|
| 952 |
|
|
|0 0
|1 0
|4 0
|7 0
|8 0
|a SNK
|b SNK
|d 2014-04-15
|i snk2004/2596
|l 0
|o snkČSB 3791/1994 D1
|p 17A1075345
|r 2026-02-21 20:51:39
|w 2026-02-21
|y PREZ
|